[Event "Titled Tuesday intern op 01st Nov Early"]
[Site "Chess.com INT"]
[Date "2022.11.01"]
[Round "7"]
[White "Kustar, Sandor"]
[Black "Tharushi, THD Niklesha"]
[Result "1-0"]
[WhiteElo "2347"]
[BlackElo "1581"]
[PlyCount "61"]
[EventDate "2022.11.01"]
[EventType "swiss (blitz)"]
[EventRounds "11"]
[EventCountry "USA"]
[SourceTitle "EXT 2024"]
[Source "ChessBase"]
[SourceDate "2023.10.10"]
[SourceVersion "1"]
[SourceVersionDate "2023.10.10"]
[SourceQuality "1"]

1. Nf3 d5 2. c4 Nf6 3. cxd5 Nxd5 4. d4 e6 5. e4 Nf6 6. Nc3 Bb4 7. Bd3 0-0 8. e5 Nd5 9. Bxh7+ Kxh7 10. Ng5+ Qxg5 11. Bxg5 Nxc3 12. bxc3 Bxc3+ 13. Bd2 Bxa1 14. Qxa1 b6 15. Qc1 c6 16. h4 Ba6 17. h5 Nd7 18. h6 g6 19. Bb4 c5 20. dxc5 bxc5 21. Bc3 c4 22. Rh4 Nc5 23. Qg5 Nd3+ 24. Kf1 Rad8 25. Qf6 Rg8 26. Qxf7+ Kh8 27. Qxe6 Nc1 28. Qf6+ Kh7 29. Qf7+ Kh8 30. e6+ Rg7 31. Qxg7# 1-0

[Event "Titled Tuesday intern op 01st Nov Early"]
[Site "Chess.com INT"]
[Date "2022.11.01"]
[Round "5"]
[White "Lopez, Henry"]
[Black "Kustar, Sandor"]
[Result "1-0"]
[WhiteElo "2102"]
[BlackElo "2347"]
[PlyCount "39"]
[EventDate "2022.11.01"]
[EventType "swiss (blitz)"]
[EventRounds "11"]
[EventCountry "USA"]
[SourceTitle "EXT 2024"]
[Source "ChessBase"]
[SourceDate "2023.10.10"]
[SourceVersion "1"]
[SourceVersionDate "2023.10.10"]
[SourceQuality "1"]

1. d4 Nf6 2. Nf3 e6 3. c4 a6 4. Nc3 c5 5. d5 exd5 6. Nxd5 Nxd5 7. Qxd5 Be7 8. e3 Nc6 9. Be2 d6 10. 0-0 Be6 11. Qd1 d5 12. cxd5 Qxd5 13. Qa4 0-0 14. Rd1 Qf5 15. Bd3 Qh5 16. Qf4 b5 17. Bd2 Rfd8 18. Be4 Bd5 19. Bc3 Rac8 20. g4 1-0

[Event "Titled Tuesday intern op 01st Nov Early"]
[Site "Chess.com INT"]
[Date "2022.11.01"]
[Round "9"]
[White "Pap, Gyula"]
[Black "Kustar, Sandor"]
[Result "1-0"]
[WhiteElo "2425"]
[BlackElo "2347"]
[PlyCount "111"]
[EventDate "2022.11.01"]
[EventType "swiss (blitz)"]
[EventRounds "11"]
[EventCountry "USA"]
[SourceTitle "EXT 2024"]
[Source "ChessBase"]
[SourceDate "2023.10.10"]
[SourceVersion "1"]
[SourceVersionDate "2023.10.10"]
[SourceQuality "1"]

1. d4 Nf6 2. c4 e6 3. Nc3 c5 4. d5 exd5 5. cxd5 d6 6. Nf3 g6 7. Bf4 Bg7 8. Qa4+ Kf8 9. e4 Ne8 10. Qc2 Bg4 11. Be2 Bxf3 12. Bxf3 Nd7 13. 0-0 a6 14. a4 h6 15. Be2 Kg8 16. Kh1 Rc8 17. Bg3 h5 18. h3 Qe7 19. f4 Kh7 20. Rae1 Rf8 21. e5 dxe5 22. f5 e4 23. Nxe4 Ne5 24. Bxh5 Kg8 25. d6 Qd8 26. fxg6 Nxg6 27. Qb3 c4 28. Qxb7 Nf6 29. Bxg6 fxg6 30. Ng5 Qd7 31. Re7 Qxb7 32. Rxb7 Nh5 33. Rxf8+ Rxf8 34. Rxg7+ Nxg7 35. Be1 Rf1+ 36. Kh2 Rxe1 37. Kg3 Rd1 38. Ne4 Nf5+ 39. Kf4 Nxd6 40. Nc3 Rd3 41. Ke5 Rxc3 42. bxc3 Nb7 43. Kd5 Na5 44. Kc5 Kf7 45. Kb6 Nb3 46. Kxa6 Ke6 47. Kb5 Kd6 48. Kxc4 Na5+ 49. Kb5 Nc6 50. a5 Kc7 51. a6 Na7+ 52. Kc5 Kd7 53. Kb6 Nc8+ 54. Kb7 Nd6+ 55. Kb8 Nb5 56. c4 1-0

[Event "Berkeley Masters op"]
[Site "Berkeley"]
[Date "2008.12.15"]
[Round "2"]
[White "Kustar, Sandor"]
[Black "Izoria, Zviad"]
[Result "0-1"]
[WhiteElo "2356"]
[BlackElo "2610"]
[PlyCount "84"]
[EventDate "2008.12.14"]
[EventType "swiss"]
[EventRounds "10"]
[EventCountry "USA"]
[SourceTitle "CBM 127 Extra"]
[Source "ChessBase"]
[SourceDate "2009.01.08"]
[SourceVersion "2"]
[SourceVersionDate "2009.01.28"]
[SourceQuality "1"]

1. Nf3 g6 2. d4 Bg7 3. g3 c5 4. d5 d6 5. Bg2 b5 6. e4 Nf6 7. e5 dxe5 8. Nxe5 Bb7 9. c4 bxc4 10. Nc3 e6 11. Nxf7 Qe7 12. Nxh8 exd5+ 13. Qe2 Qxe2+ 14. Kxe2 Nc6 15. Rd1 Nd4+ 16. Kf1 Bxh8 17. Bg5 Rd8 18. Na4 Rc8 19. Rac1 Kf7 20. Nc3 Rd8 21. Na4 Rc8 22. h3 Bg7 23. Be3 Ne6 24. f4 h5 25. Bf3 Rc7 26. Kg2 Ba6 27. Rxd5 Nxd5 28. Bxd5 Bd4 29. Kf3 Kf6 30. Bxc4 Bb7+ 31. Kf2 h4 32. Bxe6 hxg3+ 33. Ke2 Bxe3 34. Kxe3 Kxe6 35. Rxc5 g2 36. Kf2 Rd7 37. Re5+ Kf6 38. Nc3 Rd4 39. Ne2 Rd1 40. Rg5 Rd2 41. b4 Rxa2 42. h4 Rb2 0-1

[Event "Berkeley Masters op"]
[Site "Berkeley"]
[Date "2008.12.14"]
[Round "1"]
[White "Kraai, Jesse"]
[Black "Kustar, Sandor"]
[Result "1/2-1/2"]
[WhiteElo "2502"]
[BlackElo "2356"]
[PlyCount "68"]
[EventDate "2008.12.14"]
[EventType "swiss"]
[EventRounds "10"]
[EventCountry "USA"]
[SourceTitle "CBM 127 Extra"]
[Source "ChessBase"]
[SourceDate "2009.01.08"]
[SourceVersion "2"]
[SourceVersionDate "2009.01.28"]
[SourceQuality "1"]

1. Nf3 Nf6 2. c4 c5 3. Nc3 b6 4. g3 Bb7 5. Bg2 g6 6. d4 cxd4 7. Qxd4 Bg7 8. 0-0 d6 9. Rd1 Nbd7 10. Be3 Rc8 11. Rac1 a6 12. b3 0-0 13. Qh4 Re8 14. Bh3 Rc7 15. Bh6 Rc5 16. Bxg7 Kxg7 17. Qd4 Qc7 18. Na4 Rh5 19. Bg2 Ra5 20. Ne1 Rc8 21. Qb2 Qb8 22. Bxb7 Qxb7 23. Nd3 d5 24. cxd5 Rxc1 25. Rxc1 Rxd5 26. Qc2 Rd6 27. Qc7 Qe4 28. Nc3 Qa8 29. Nd1 Qe4 30. Ne3 h5 31. Qc4 Qb7 32. f3 b5 33. Qc7 Qa8 34. Kf2 Re6 1/2-1/2

[Event "HUN-chT 0405"]
[Site "Hungary"]
[Date "2005.01.23"]
[Round "6"]
[White "Horvath, Andras"]
[Black "Kustar, Sandor"]
[Result "1/2-1/2"]
[WhiteElo "2339"]
[BlackElo "2379"]
[PlyCount "31"]
[EventDate "2004.09.26"]
[EventType "team-tourn"]
[EventRounds "11"]
[EventCountry "HUN"]
[SourceTitle "EXT 2011"]
[Source "ChessBase"]
[SourceDate "2010.11.26"]
[SourceVersion "1"]
[SourceVersionDate "2010.11.26"]
[SourceQuality "1"]
[WhiteTeam "Statisztika"]
[BlackTeam "Nagykanizsa"]
[WhiteTeamCountry "HUN"]
[BlackTeamCountry "HUN"]

1. e4 c6 2. d4 d5 3. exd5 cxd5 4. c4 Nf6 5. Nc3 e6 6. Nf3 Bb4 7. cxd5 Nxd5 8. Bd2 Nc6 9. Bd3 Be7 10. a3 Bf6 11. 0-0 0-0 12. Ne4 Bxd4 13. Neg5 f5 14. Re1 Qf6 15. Bc4 Bxb2 16. Rb1 1/2-1/2

[Event "HUN-chT 0405"]
[Site "Hungary"]
[Date "2004.10.10"]
[Round "2"]
[White "Monori, Zoltan"]
[Black "Kustar, Sandor"]
[Result "0-1"]
[WhiteElo "2097"]
[BlackElo "2379"]
[PlyCount "86"]
[EventDate "2004.09.26"]
[EventType "team-tourn"]
[EventRounds "11"]
[EventCountry "HUN"]
[SourceTitle "EXT 2011"]
[Source "ChessBase"]
[SourceDate "2010.11.26"]
[SourceVersion "1"]
[SourceVersionDate "2010.11.26"]
[SourceQuality "1"]
[WhiteTeam "PMSE"]
[BlackTeam "Nagykanizsa"]
[WhiteTeamCountry "HUN"]
[BlackTeamCountry "HUN"]

1. d4 Nf6 2. Nf3 c5 3. c3 b6 4. Bf4 g6 5. e3 Bg7 6. Bc4 0-0 7. 0-0 Bb7 8. a4 a6 9. Re1 d6 10. h3 Nbd7 11. Nbd2 Qc8 12. Rc1 Re8 13. e4 d5 14. exd5 Nxd5 15. Bg5 Qc6 16. Qb3 e6 17. Bf1 h6 18. Bh4 Rac8 19. Bg3 Ne7 20. Ne4 Nf5 21. Ne5 Nxe5 22. dxe5 Nxg3 23. Nxg3 Red8 24. Rcd1 Qc7 25. f4 g5 26. Rxd8+ Rxd8 27. Nh5 Bh8 28. Qc4 Rd2 29. fxg5 hxg5 30. Qg4 Qd8 31. Nf4 Kf8 32. Nd3 c4 33. Qxc4 Qd5 34. Qg4 Rxd3 35. Bxd3 Qxd3 36. Qxg5 Bc6 37. Qg4 Qd2 38. Rd1 Qe3+ 39. Kh1 Bxe5 40. Rd8+ Ke7 41. Rd1 a5 42. Qh4+ Bf6 43. Qc4 Qxh3+ 0-1

[Event "Budapest FS05 GM"]
[Site "Budapest"]
[Date "2004.05.09"]
[Round "9"]
[White "Wittmann, Walter"]
[Black "Kustar, Sandor"]
[Result "1/2-1/2"]
[WhiteElo "2339"]
[BlackElo "2351"]
[PlyCount "61"]
[EventDate "2004.05.01"]
[EventType "tourn"]
[EventRounds "11"]
[EventCountry "HUN"]
[EventCategory "8"]
[SourceTitle "CBM 100 Extra"]
[Source "ChessBase"]
[SourceDate "2004.07.06"]
[SourceVersion "2"]
[SourceVersionDate "2004.07.06"]
[SourceQuality "1"]

1. e4 c5 2. Nf3 e6 3. d4 cxd4 4. Nxd4 a6 5. Nc3 Qc7 6. Bd3 Nf6 7. 0-0 b5 8. Re1 Bc5 9. Nb3 Bd6 10. h3 Nc6 11. Kh1 Be7 12. f4 b4 13. Na4 g6 14. Be3 Rb8 15. Qf3 h5 16. Kg1 e5 17. Nd2 d6 18. Nc4 Be6 19. b3 exf4 20. Bxf4 Nd7 21. Qf2 0-0 22. Rac1 Rfd8 23. Bf1 Nce5 24. Nxe5 dxe5 25. Be3 Qb7 26. Bd3 Rdc8 27. Qe2 Rc6 28. Rf1 Rbc8 29. Kh2 Kg7 30. Rf2 R8c7 31. Rd1 1/2-1/2

[Event "Budapest FS05 GM"]
[Site "Budapest"]
[Date "2004.05.04"]
[Round "4"]
[White "Kustar, Sandor"]
[Black "Paschall, William M"]
[Result "0-1"]
[WhiteElo "2351"]
[BlackElo "2381"]
[PlyCount "63"]
[EventDate "2004.05.01"]
[EventType "tourn"]
[EventRounds "11"]
[EventCountry "HUN"]
[EventCategory "8"]
[SourceTitle "CBM 100 Extra"]
[Source "ChessBase"]
[SourceDate "2004.07.06"]
[SourceVersion "2"]
[SourceVersionDate "2004.07.06"]
[SourceQuality "1"]

1. Nf3 b5 2. e3 a6 3. a4 b4 4. c4 Bb7 5. d4 e6 6. b3 Nf6 7. Bd3 c5 8. Nbd2 d6 9. Bb2 Nbd7 10. Qc2 Qc7 11. Ne4 Be7 12. Nfg5 h6 13. Nxf6+ gxf6 14. Ne4 f5 15. Ng3 Bxg2 16. Rg1 Bf3 17. dxc5 Rg8 18. cxd6 Bxd6 19. e4 Nc5 20. exf5 0-0-0 21. Ne2 Rxg1+ 22. Nxg1 Be5 23. Nxf3 Nxd3+ 24. Kf1 Bxb2 25. Rd1 Ne5 26. Rxd8+ Qxd8 27. Nxe5 Bxe5 28. fxe6 fxe6 29. Qe4 Qd6 30. Qa8+ Kd7 31. c5 Qd1+ 32. Kg2 0-1

[Event "Budapest FS05 GM"]
[Site "Budapest"]
[Date "2004.05.02"]
[Round "2"]
[White "Kustar, Sandor"]
[Black "Seres, Lajos"]
[Result "1/2-1/2"]
[WhiteElo "2351"]
[BlackElo "2497"]
[PlyCount "105"]
[EventDate "2004.05.01"]
[EventType "tourn"]
[EventRounds "11"]
[EventCountry "HUN"]
[EventCategory "8"]
[SourceTitle "CBM 100 Extra"]
[Source "ChessBase"]
[SourceDate "2004.07.06"]
[SourceVersion "2"]
[SourceVersionDate "2004.07.06"]
[SourceQuality "1"]

1. Nf3 Nf6 2. c4 g6 3. g3 Bg7 4. Bg2 0-0 5. d4 d6 6. 0-0 Nbd7 7. Nc3 e5 8. e4 c6 9. h3 Qb6 10. Re1 exd4 11. Nxd4 Ne8 12. Nb3 a5 13. Be3 Qb4 14. Nd4 Qxb2 15. Na4 Qa3 16. Bf1 Nc5 17. Nb6 Rb8 18. Rb1 Nc7 19. Bc1 Qxa2 20. Rb2 Qa1 21. Nc2 Qxb2 22. Bxb2 Bxb2 23. Qxd6 N7a6 24. Qd2 a4 25. Qa5 a3 26. Re3 Bc1 27. Rf3 Nxe4 28. Qe1 Ng5 29. Rd3 Bb2 30. Nxa3 Bf5 31. Rb3 Nc5 32. Re3 Bd4 33. h4 Bxe3 34. Qxe3 Nge6 35. f3 Rbd8 36. g4 Bd3 37. Bg2 Rfe8 38. Qe5 Rd4 39. h5 Rf4 40. h6 f6 41. Qd6 Rd4 42. Nd5 cxd5 43. Nb5 Rxc4 44. Nc7 Nxc7 45. Qxc7 Ne6 46. Qd7 Rcc8 47. f4 Rcd8 48. Qxb7 Be4 49. Bxe4 dxe4 50. f5 gxf5 51. gxf5 Rb8 52. Qd7 Rbd8 53. Qb7 1/2-1/2

[Event "Budapest FS04 GM"]
[Site "Budapest"]
[Date "2004.04.12"]
[Round "10"]
[White "Nguyen, Ngoc Truong Son"]
[Black "Kustar, Sandor"]
[Result "1/2-1/2"]
[WhiteElo "2436"]
[BlackElo "2351"]
[PlyCount "60"]
[EventDate "2004.04.03"]
[EventType "tourn"]
[EventRounds "13"]
[EventCountry "HUN"]
[EventCategory "7"]
[SourceTitle "CBM 099 Extra"]
[Source "ChessBase"]
[SourceDate "2004.05.04"]
[SourceVersion "1"]
[SourceVersionDate "2004.05.04"]
[SourceQuality "1"]

1. d4 d5 2. Bg5 h6 3. Bh4 c6 4. c3 Bf5 5. Qb3 Qb6 6. e3 Nd7 7. Nf3 Ngf6 8. Nbd2 e6 9. Be2 Be7 10. 0-0 g5 11. Bg3 Nh5 12. Be5 f6 13. Bg3 Nxg3 14. hxg3 0-0 15. c4 Qxb3 16. Nxb3 a5 17. cxd5 exd5 18. a4 Bc2 19. Nfd2 Bb4 20. Rfc1 Bh7 21. g4 f5 22. gxf5 Bxf5 23. Nf3 Rf6 24. Rf1 Raf8 25. Ne1 R6f7 26. Nd3 Bxd3 27. Bxd3 Nf6 28. Bf5 Re7 29. Nc1 Ne4 30. Bxe4 Rxe4 1/2-1/2

[Event "Budapest FS04 GM"]
[Site "Budapest"]
[Date "2004.04.11"]
[Round "9"]
[White "Kustar, Sandor"]
[Black "Blauert, Joerg"]
[Result "1/2-1/2"]
[WhiteElo "2351"]
[BlackElo "2370"]
[PlyCount "78"]
[EventDate "2004.04.03"]
[EventType "tourn"]
[EventRounds "13"]
[EventCountry "HUN"]
[EventCategory "7"]
[SourceTitle "CBM 099 Extra"]
[Source "ChessBase"]
[SourceDate "2004.05.04"]
[SourceVersion "1"]
[SourceVersionDate "2004.05.04"]
[SourceQuality "1"]

1. Nf3 d5 2. d4 e6 3. c4 c5 4. cxd5 exd5 5. g3 Nc6 6. Bg2 Nf6 7. 0-0 Be7 8. Nc3 0-0 9. dxc5 Bxc5 10. Na4 Be7 11. Be3 Re8 12. Rc1 Bg4 13. Nc5 Bxc5 14. Bxc5 Qd7 15. Re1 Rac8 16. Qa4 Bxf3 17. Bxf3 Ne5 18. Qxd7 Nxf3+ 19. exf3 Rxe1+ 20. Rxe1 Nxd7 21. Bd6 Nb6 22. Re7 Nc4 23. Bf4 Nxb2 24. Rxb7 Nd3 25. Be3 h6 26. Kf1 Rc4 27. Rd7 Ne5 28. Rd8+ Kh7 29. f4 Ng4 30. Rxd5 Nxh2+ 31. Kg2 Ng4 32. Ra5 Nxe3+ 33. fxe3 Rc7 34. g4 g6 35. Kf3 Kg7 36. e4 Rc3+ 37. Kf2 Rc2+ 38. Ke3 Rc3+ 39. Kf2 Rc2+ 1/2-1/2

[Event "Budapest FS04 GM"]
[Site "Budapest"]
[Date "2004.04.09"]
[Round "7"]
[White "Kustar, Sandor"]
[Black "Vajda, Levente"]
[Result "1/2-1/2"]
[WhiteElo "2351"]
[BlackElo "2482"]
[PlyCount "39"]
[EventDate "2004.04.03"]
[EventType "tourn"]
[EventRounds "13"]
[EventCountry "HUN"]
[EventCategory "7"]
[SourceTitle "CBM 099 Extra"]
[Source "ChessBase"]
[SourceDate "2004.05.04"]
[SourceVersion "1"]
[SourceVersionDate "2004.05.04"]
[SourceQuality "1"]

1. Nf3 Nf6 2. c4 g6 3. g3 Bg7 4. Bg2 0-0 5. d4 d6 6. 0-0 Nbd7 7. Nc3 e5 8. e4 exd4 9. Nxd4 Re8 10. h3 a6 11. Re1 c5 12. Nf3 Nb6 13. Qd3 Be6 14. b3 Qc7 15. Bf4 Rad8 16. Rad1 Nc8 17. Qc2 h6 18. Nd5 Bxd5 19. cxd5 Nd7 20. Rc1 1/2-1/2

[Event "HUN-chT 0304"]
[Site "Hungary"]
[Date "2004.03.21"]
[Round "9"]
[White "Binder, Tamas"]
[Black "Kustar, Sandor"]
[Result "1/2-1/2"]
[WhiteElo "2266"]
[BlackElo "2373"]
[PlyCount "34"]
[EventDate "2003.09.28"]
[EventType "team"]
[EventRounds "11"]
[EventCountry "HUN"]
[SourceTitle "EXT 2006"]
[Source "ChessBase"]
[SourceDate "2005.11.24"]
[SourceVersion "1"]
[SourceVersionDate "2005.11.24"]
[SourceQuality "1"]

1. d4 Nf6 2. c4 c5 3. dxc5 e6 4. Nc3 Bxc5 5. e3 Nc6 6. Nf3 0-0 7. Be2 d5 8. cxd5 exd5 9. 0-0 Be6 10. b3 Qe7 11. Nb5 Rad8 12. Bb2 Rfe8 13. Rc1 Ne4 14. Nbd4 Bc8 15. Bb5 Bd7 16. Bxc6 bxc6 17. b4 Bb6 1/2-1/2

[Event "Oberliga Bayern 0304"]
[Site "Bayern"]
[Date "2003.11.02"]
[Round "2.1"]
[White "Kustar, Sandor"]
[Black "Velicka, Petr"]
[Result "1-0"]
[WhiteElo "2365"]
[BlackElo "2386"]
[PlyCount "59"]
[EventDate "2003.10.12"]
[EventType "team-tourn"]
[EventRounds "9"]
[EventCountry "GER"]
[SourceTitle "EXT 2006"]
[Source "ChessBase"]
[SourceDate "2005.11.24"]
[SourceVersion "1"]
[SourceVersionDate "2005.11.24"]
[SourceQuality "1"]
[WhiteTeam "Schwabach"]
[BlackTeam "Passau"]
[WhiteTeamCountry "GER"]
[BlackTeamCountry "GER"]

1. e4 c5 2. Nf3 e6 3. d4 cxd4 4. Nxd4 a6 5. Bd3 Bc5 6. Nb3 Ba7 7. Qe2 Nc6 8. Be3 Nge7 9. Nc3 b5 10. 0-0 0-0 11. Rad1 e5 12. a4 bxa4 13. Nxa4 Qc7 14. Bc4 d6 15. Rd2 Bb7 16. Rfd1 Rfd8 17. Bxa7 Rxa7 18. Qf3 Ng6 19. Rxd6 Rxd6 20. Rxd6 Ra8 21. Qxf7+ Qxf7 22. Bxf7+ Kxf7 23. Rd7+ Kf6 24. Rxb7 Rd8 25. g3 Rd1+ 26. Kg2 Nd4 27. Nc3 Re1 28. f4 Nf8 29. Nd5+ Ke6 30. Re7+ 1-0

[Event "Bucharest Blue Autumn"]
[Site "Bucharest"]
[Date "2003.10.16"]
[Round "11"]
[White "Kustar, Sandor"]
[Black "Shishkin, Vadim"]
[Result "1/2-1/2"]
[WhiteElo "2373"]
[BlackElo "2473"]
[PlyCount "70"]
[EventDate "2003.10.06"]
[EventType "tourn"]
[EventRounds "15"]
[EventCountry "ROU"]
[EventCategory "7"]
[SourceTitle "EXT 2008"]
[Source "ChessBase"]
[SourceDate "2007.11.25"]
[SourceVersion "1"]
[SourceVersionDate "2007.11.25"]
[SourceQuality "1"]

1. Nf3 Nf6 2. c4 g6 3. g3 Bg7 4. Bg2 d5 5. cxd5 Nxd5 6. d4 Nb6 7. 0-0 Nc6 8. Nc3 Nxd4 9. Nxd4 Qxd4 10. Nb5 Qc4 11. a4 0-0 12. b3 Qg4 13. Bf4 Be6 14. h3 Qh5 15. g4 Qc5 16. Bxb7 Rad8 17. Qc1 Qb4 18. Rb1 c5 19. Be3 Bxb3 20. Qxc5 Qxa4 21. Nxa7 Nd5 22. Bd2 Ba2 23. Rb5 Bd4 24. Ra5 Bxc5 25. Rxa4 Bb3 26. Ra5 Bb6 27. Ra3 Rb8 28. Rxb3 Rxb7 29. Nb5 Rfb8 30. Rfb1 Bc5 31. Nd4 Rxb3 32. Rxb3 Ra8 33. Rb5 Bxd4 34. Rxd5 Bf6 35. Bh6 e6 1/2-1/2

[Event "Bucharest Blue Autumn"]
[Site "Bucharest"]
[Date "2003.10.15"]
[Round "10"]
[White "Nemeth, Francisc"]
[Black "Kustar, Sandor"]
[Result "1-0"]
[WhiteElo "2294"]
[BlackElo "2373"]
[PlyCount "99"]
[EventDate "2003.10.06"]
[EventType "tourn"]
[EventRounds "15"]
[EventCountry "ROU"]
[EventCategory "7"]
[SourceTitle "EXT 2008"]
[Source "ChessBase"]
[SourceDate "2007.11.25"]
[SourceVersion "1"]
[SourceVersionDate "2007.11.25"]
[SourceQuality "1"]

1. e4 c5 2. Nf3 e6 3. b3 d6 4. Bb5+ Nd7 5. c4 Ngf6 6. Nc3 Be7 7. 0-0 0-0 8. Bxd7 Bxd7 9. d4 cxd4 10. Nxd4 Qa5 11. Bb2 a6 12. a4 Rfe8 13. Nc2 Rad8 14. b4 Qc7 15. Qe2 Rc8 16. Ne3 Red8 17. Rfc1 Qb8 18. f4 b5 19. axb5 axb5 20. e5 Ne8 21. Nxb5 Bxb5 22. cxb5 Rxc1+ 23. Rxc1 dxe5 24. Bxe5 Qa7 25. h3 Nd6 26. Bxd6 Bxd6 27. Rd1 Qb8 28. Qf3 Rc8 29. f5 Bxb4 30. fxe6 fxe6 31. Qe4 Bc5 32. Kh1 Re8 33. Rb1 Qg3 34. Nc4 Ba7 35. Qf3 Qg6 36. Rf1 Bb8 37. b6 h6 38. Nd2 e5 39. Ne4 Kh7 40. Qf7 Qxf7 41. Rxf7 Kg6 42. Rd7 Kf5 43. Nd6+ Bxd6 44. Rxd6 e4 45. Kg1 Re5 46. b7 Rb5 47. Rd5+ Rxd5 48. b8Q Re5 49. g4+ Kf6 50. Qd6+ 1-0